书目信息 |
| 题名: |
《大学语文》学习指导
|
|
| 作者: | 熊汉征 , 陈静 , 陈芬芬 主编 | |
| 分册: | ||
| 出版信息: | 武汉 华中师范大学出版社 2006.08 |
|
| 页数: | 151页 | |
| 开本: | 23cm | |
| 丛书名: | 21世纪高等职业教育规划教材 | |
| 单 册: | ||
| 中图分类: | H1 | |
| 科图分类: | ||
| 主题词: | 汉语--han yu--高等学校--技术学校--教学参考资料 | |
| 电子资源: | ||
| ISBN: | 7-5622-3434-5 | |
| 000 | 01099nam 2200277 450 | |
| 001 | 012006817969 | |
| 005 | 20070531153035.57 | |
| 010 | @a7-5622-3434-5@dCNY15.00 | |
| 100 | @a20061223d2006 km y0chiy0120 ea | |
| 101 | 0 | @achi |
| 102 | @aCN@b420000 | |
| 105 | @ay z 000yy | |
| 200 | 1 | @a《大学语文》学习指导@A《da xue yu wen》xue xi zhi dao@f熊汉征 ... [等] 主编@Fxiong han zheng...[deng]zhu bian |
| 210 | @a武汉@c华中师范大学出版社@d2006.08 | |
| 215 | @a151页@d23cm | |
| 225 | 2 | @a21世纪高等职业教育规划教材@A21 shi ji gao deng zhi ye jiao yu gui hua jiao cai@i语文系列 |
| 304 | @a题名页题 : 熊汉征、 陈静、陈芬芬、严军主编 | |
| 330 | @a本书主要内容包括:先秦文学作品赏析,秦汉魏近南北朝文学作品赏析,唐宋文学作品赏析,元明清文学作品赏析,中国当代文学作品赏析等。 | |
| 410 | 0 | @12001 @a21世纪高等职业教育规划教材@i语文系列 |
| 606 | 0 | @a汉语@Ahan yu@x高等学校@x技术学校@j教学参考资料 |
| 690 | @aH1@v4 | |
| 701 | 0 | @a熊汉征@Axiong han zheng@4主编 |
| 701 | 0 | @a陈静@Achen jing@4主编 |
| 701 | 0 | @a陈芬芬@Achen fen fen@4主编 |
| 801 | 0 | @aCN@c20070531 |
| 905 | @b233717-19@dH1@eX640 | |
| 《大学语文》学习指导/熊汉征 ... [等] 主编.-武汉:华中师范大学出版社,2006.08 |
| 151页;23cm.-(21世纪高等职业教育规划教材.语文系列) |
| ISBN 7-5622-3434-5:CNY15.00 |
| 本书主要内容包括:先秦文学作品赏析,秦汉魏近南北朝文学作品赏析,唐宋文学作品赏析,元明清文学作品赏析,中国当代文学作品赏析等。 |
| ● |
| 相关链接 |
|
|
|
正题名:《大学语文》学习指导
索取号:H1/X640
 
预约/预借
| 序号 | 登录号 | 条形码 | 馆藏地/架位号 | 状态 | 备注 |
| 1 | 233717 | 202337177 | 语言库209/209语言库 69排4列1层/ [索取号:H1/X640] | 在馆 | |
| 2 | 233718 | 202337186 | 语言库209/209语言库 69排4列1层/ [索取号:H1/X640] | 在馆 | |
| 3 | 233719 | 202337195 | 语言库209/209语言库 69排4列1层/ [索取号:H1/X640] | 在馆 |